000 00708nam a2200277Ia 4500
003 OSt
005 20221006153253.0
006 a|||||r|||| 00| 0
007 ta
008 221006b |||||||| |||| 00| 0 kor d
020 _cW 7,500
024 _a31,836
037 _bGift, Korean Embassy
_cTextual
040 _aEASL
_cEASL
_bkor
041 _2kor
_akor
082 _aO495,4, P5
100 _aJO Chang-In
_9663238
245 0 _aGasigogi
260 _aSeoul
_bBaleun Sesang Korea
_c2005
300 _a285p.
_ccm.
490 _v KL
650 _a KL
650 _aEssay
_9661858
942 _hO495,4, P5
_cTEXL
_2CC
999 _c1099922
_d1099922